000 00431nam a2200157Ia 4500
005 20250424120329.0
008 250424s9999 xx 000 0 und d
022 _a03313468
050 _aPR 9344.5 .M87/
245 4 _aThe muse: a journal of creative and critical writing at nsukka
260 _aEnugu
260 _bRaymond publications
260 _c2011
650 _aAfrican literature (English)--Periodicals.
942 _cSR
999 _c38699
_d38699